004710000a2200157000450024500790000065000180007965000180009765000100011565100150012565300300014065300340017004100130020470000200021710000170023777300590025410aPredation by squirrel monkeys and double-toothed kites on tent-making bats14aMurciélagos14aDepredación14aMonos 4pCosta Rica gSaimirieSaimiri oerstedi gHarpaguseHarpagus bidentatus0 aInglés1 aTimm, Robert M.1 aBoinski, Sue1 tAmerican Journal of Primatology3184h9q121-127d1985